Educación democrática /
Guardado en:
| Autor Principal: | |
|---|---|
| Otros Autores: | , , , |
| Formato: | Libro |
| Publicado: |
Buenos Aires :
Losada,
1959
|
| Edición: | 2a. ed. |
| Materias: | |
| Etiquetas: |
Agregar Etiqueta
Sin Etiquetas, Sea el primero en etiquetar este registro!
|
| LEADER | 01394nam a22002775a 4500 | ||
|---|---|---|---|
| 001 | CEM.cems009968 | ||
| 005 | 20080627095230.0 | ||
| 008 | 130507s1959##################000#0#####d | ||
| 003 | CEMS | ||
| 082 | 0 | 4 | |a 320 |
| 100 | 1 | |a Delfino, Jorge Raúl | |
| 245 | 1 | 0 | |a Educación democrática / |c Jorge Raúl Delfino ... [et Al.] |
| 250 | |a 2a. ed. | ||
| 260 | |a Buenos Aires : |b Losada, |c 1959 | ||
| 300 | |a 207 p. | ||
| 500 | |a Para 2do. año | ||
| 505 | 0 | |a Antecedentes históricos de las modernas democracias: España, Inglaterra, Estados Unidos, Francia -- El estado democrático y representativo en las sociedades modernas -- La república y sus formas -- El federalismo -- La vida en la democracia y en la antidemocracia -- Virtudes ciudadanas necesarias a la democracia -- Formas de solidaridad social -- Procedimientos democráticos y antidemocráticos -- Peligros que acechan a la democracia -- La democracia y el bienestar general | |
| 653 | |a Educación cívica | ||
| 653 | |a Educación cívica-polimodal | ||
| 700 | 1 | |a Gómez, José Camilo | |
| 700 | 1 | |a Gómez, Oscar Roberto | |
| 700 | 1 | |a González, Virgilio Horacio | |
| 700 | 1 | |a Tejerina, Jesús Santiago | |
| 859 | |a CEMS |b BIB. CEMS - 11 de abril |h 320 |i D378a2 |p 8440.80 |t Ej.2 |v II |3 II | ||
| 859 | |a CEMS |b BIB. CEMS - 11 de abril |h 320 |i D378a2 |p 8465.80 |t Ej.1 |v II |3 II | ||
| 859 | |a CEMS |b BIB. CEMS - 11 de abril |h 320 |i D378a2 |p 9997.81 |t Ej.3 |v II |3 II | ||
